Szegedi versenybirók az atlétikai Európa-bajnokságon
Elmentve itt :
| Dokumentumtípus: | Cikk |
|---|---|
| Megjelent: |
1966-08-28
|
| Sorozat: | Délmagyarország
56 No. 203 |
| Kulcsszavak: | Sport atlétika 1966, atlétika |
| Online Access: | http://dmarchiv.bibl.u-szeged.hu/70157 |
| LEADER | 00444nab a2200145 i 4500 | ||
|---|---|---|---|
| 001 | delm70157 | ||
| 005 | 20180927153726.0 | ||
| 008 | 180927s1966 hu o 0|| hun d | ||
| 040 | |a SZTE Délmagyarország Archívum |b hun | ||
| 041 | |a hun | ||
| 245 | 0 | 0 | |a Szegedi versenybirók az atlétikai Európa-bajnokságon |h [elektronikus dokumentum] |
| 260 | |c 1966-08-28 | ||
| 300 | |a 12 | ||
| 490 | 0 | |a Délmagyarország |v 56 No. 203 | |
| 695 | |a Sport atlétika 1966, atlétika | ||